Innovations of a Green Product
Návrhy možností realizácie ekologických inovatívnych produktov a procesov v slovenských malých a stredných podnikoch. Prieskum, ktorý sa uskutočnil v súvislosti s touto témou, sa zameral na analýzu vnímania ekologických výrobkov zákazníkmi a na identifikáciu faktorov, ktoré zákazníci berú do úvahy p...
Uložené v:
| Hlavný autor: | |
|---|---|
| Ďalší autori: | |
| Médium: | Kapitola |
| Jazyk: | English |
| Predmet: | |
| Tagy: |
Žiadne tagy, Buďte prvý, kto otaguje tento záznam!
|
MARC
| LEADER | 00000nla a2200000 4500 | ||
|---|---|---|---|
| 001 | 0247975 | ||
| 005 | 20220322100713.6 | ||
| 041 | 0 | |a eng | |
| 044 | |a SK | ||
| 245 | 1 | 0 | |a Innovations of a Green Product |c Denisa Malá, Dana Benčiková |
| 520 | |a Návrhy možností realizácie ekologických inovatívnych produktov a procesov v slovenských malých a stredných podnikoch. Prieskum, ktorý sa uskutočnil v súvislosti s touto témou, sa zameral na analýzu vnímania ekologických výrobkov zákazníkmi a na identifikáciu faktorov, ktoré zákazníci berú do úvahy pri rozhodovaní o nákupe súvisiacom s týmito výrobkami. | ||
| 610 | 2 | 0 | |a obchod |
| 610 | 2 | 0 | |a manažment |
| 610 | 2 | 0 | |a manažment personálny |
| 610 | 2 | 0 | |a inovácie sociálne |
| 610 | 2 | 0 | |a inovácie technologické |
| 610 | 2 | 0 | |a prostredie životné |
| 610 | 2 | 0 | |a výrobky ekologické |
| 100 | 1 | |a Malá, Denisa | |
| 700 | 1 | |a Benčiková, Dana | |